000
00410nam a22001697a 4500
003
MPLRDC
005
20220104142609.0
008
210129b ||||| |||| 00| 0 eng d
082
_a
802.3 LSX
100
_a
刘叔新
245
_a
词汇学和词典学问题研究
_c
250
_a
一版一刷
260
_a
_b
天津人民出版社
_c
1984
300
_b
平
650
_a
词典
942
_c
BK
_o
802.3 LSX
999
_c
32168
_d
32158